000 00692nam a22002531 4500
001 12581
003 BD-RjUL
005 20211208235323.0
008 140129s19661959nyua b 001 0 eng
035 _a(BD-RjUL)12630
040 _aDLC/ICU
_cICU
_dDLC
_beng
041 _aeng
082 0 0 _a596
_bMOC 1966
100 1 _aMontagna, William.
_939195
245 1 0 _aComparative anatomy /
_cWilliam Montagna
260 _aNew York :
_bWiley,
_c[c1959] reprinting 1966
300 _a397 p. :
_billus. ;
_c24 cm.
504 _aIncludes index and bibliography.
650 0 _aAnatomy.
_939196
650 0 _aVertebrates.
_939197
942 _2ddc
_cBK
999 _c12581
_d12581